000 00430nam a2200133Ia 4500
008 220216s9999 xx 000 0 und d
100 _aCopping Barry
245 3 _aAn industry poised to modernise, innovate and add value
260 _bEuropean Rubber Journal
_c2013
300 _a21
520 _aBarry copping visited Sri Lanka to find out first-hand how its rubber sector is faring.
650 _aRubber industry
942 _cJS
999 _c54146
_d54146